Wer hat dieses Buch geschrieben? Sachbuch-Edition - Statistiken

Allgemein
  • Dieses Quiz wurde 16 mal gespielt
  • Das Durchschnittsergebnis liegt bei 5 aus 23
Antwortstatistiken
Hint Antwort % Korrekt
Über die Entstehung der Arten Charles Darwin
81%
Eine kurze Geschichte der Zeit Stephen Hawking
56%
Deutschland schafft sich ab Thilo Sarrazin
44%
Der Fürst Niccolò Machiavelli
38%
Wer bin ich - und wenn ja, wie viele? Richard David Precht
38%
Die Kunst des Krieges Sunzi
25%
Darm mit Charme Giulia Enders
19%
Ganz unten Günter Wallraff
19%
Eichmann in Jerusalem. Ein Bericht von der Banalität des Bösen Hannah Arendt
19%
Das geheime Leben der Bäume Peter Wohlleben
19%
Der Baader-Meinhof-Komplex Stefan Aust
19%
Eine kurze Geschichte der Menschheit Yuval Noah Harari
19%
Ansichten der Natur Alexander von Humboldt
13%
Schnelles Denken, langsames Denken Daniel Kahneman
13%
Vom Gesellschaftsvertrag oder Prinzipien des Staatsrechtes Jean-Jacques Rousseau
13%
Zwei Abhandlungen über die Regierung John Locke
13%
Selbstbetrachtungen Mark Aurel
13%
Verfall und Untergang des Römischen Imperiums Edward Gibbon
6%
Der Mann, der seine Frau mit einem Hut verwechselte Oliver Sacks
6%
Der Gotteswahn Richard Dawkins
6%
Das Unbehagen in der Kultur Sigmund Freud
6%
Das Kapital im 21. Jahrhundert Thomas Piketty
6%
LTI - Notizbuch eines Philologen Victor Klemperer
6%
Keine übereinstimmenden Quizze gefunden
Verteilung der Resultate
Anzahl Personen mit jedem Resultat
Perzentil nach korrekt beantworteten Fragen
Ihre Resultats-Entwicklung
Sie haben dieses Quiz noch nicht gespielt